Junior - Anno I n° 1 - Periodico della Comunità Juniores SSP (Record n. 98657)

Dettagli MARC
000 -LEADER
fixed length control field 00919nam a22001577a 4500
003 - CONTROL NUMBER IDENTIFIER
control field IT-RoPau
005 - DATE AND TIME OF LATEST TRANSACTION
control field 20220918181107.0
008 - FIXED-LENGTH DATA ELEMENTS--GENERAL INFORMATION
fixed length control field 130531b xxu||||| |||| 00| 0 eng d
040 ## - CATALOGING SOURCE
Transcribing agency IT-RoPau
245 ## - TITLE STATEMENT
Title Junior - Anno I n° 1 - Periodico della Comunità Juniores SSP
260 ## - PUBLICATION, DISTRIBUTION, ETC. (IMPRINT)
Place of publication, distribution, etc. Roma
Name of publisher, distributor, etc. Comunità Juniores SSP Provincia Italiana
Date of publication, distribution, etc. 1985
300 ## - PHYSICAL DESCRIPTION
Extent 22 pp.
Dimensions 21 cm
490 ## - SERIES STATEMENT
Series statement Junior
Volume/sequential designation Anno I - n°1 - Maggio 1985
520 ## - SUMMARY, ETC.
Summary, etc. Sommario<br/><br/>Presentazione - Walter Fontanini<br/>Piacere, mi chiamo... - Junior<br/>Lettera del mese - a cura di W. F.<br/>La tua parola nel rivelarsi illumina - Walter Fontanini<br/>A.A.A. Cercasi casa - Gerardo Curto<br/>Quando pensare è uno sguardo d'amore - Antonio Rizzolo<br/>Scuola di Preghiera - Gino Valeretto<br/>Giromondo per il tondo - a cura di Francisco Rebelo<br/>Vi parliamo di noi - Vincenzo Santarcangelo<br/>Servo di Dio, Servo degli uomini - Pasquale Fauci<br/>La frittata - C.A.F.
942 ## - ADDED ENTRY ELEMENTS (KOHA)
Source of classification or shelving scheme Dewey Decimal Classification
Koha item type LIBRO
Dati di copia
Withdrawn status Lost status Source of classification or shelving scheme Damaged status Not for loan Home library Current library Date acquired Total Checkouts Full call number Date last seen Price effective from Koha item type
    Dewey Decimal Classification Buone Condizioni Not For Loan PAULUS-BIBLIOTECA PAULUS-BIBLIOTECA 31/05/2013   P D1 31/05/2013 31/05/2013 LIBRO
CREDITS: SOCIETA' SAN PAOLO Via A.Severo, 58 - ROMA (RM) & PERIODICI SAN PAOLO SRL Via Giotto, 36 MILANO & CISF Via Giotto, 36 MILANO & EDIZIONI SAN PAOLO SRL,  Piazza Soncino, 5 CINISELLO BALSAMO (MI) -- ITALY